000 01533nam0a22003731 4500
001 rc\2813427
005 20250806210906.0
035 _a(NLR Aleph) 006939229
090 _a38056
_c38056
100 _a20110915d1945 u y0rusy50 ca
101 0 _arus
102 _aRU
105 _ay z |||a|
200 1 _aКаменный пояс
_e[Рассказы]
_fНиколай Асанов
210 _a[Молотов]
_cМолотовск. обл. изд-во
_d1945
_gтип. обл. изд. газ. "Звезда"
215 _a155 с.
_d10 см.
327 1 _aСодерж.: Друг народа. Хозяин Красных гор. Сердце-Камень. Чудо на реке Ним. Два генерала. Делегат фронта. Свет под землей. Алмазы. Лось
464 0 _12000#$aДелегат фронта
464 0 _12000#$aДва генерала
464 0 _12000#$aСвет под землей
464 0 _12000#$aЛось
464 0 _12000#$aАлмазы
464 0 _12000#$aХозяин Красных гор
464 0 _12000#$aДруг народа
464 0 _12000#$aЧудо на реке Ним
464 0 _12000#$aСердце-Камень
700 1 _aАсанов
_bН.А.
_f1906-1974
_gНиколай Александрович
801 0 _aRU
_bNLR
_gpsbo
801 1 _aRU
_bELAR
_2rusmarc
852 _aNLR
_jЛ30 Г-3/270
942 _cBOOK
945 _aРоссийская национальная библиотека
980 _aNB
980 _aBV